<?xml version="1.0" encoding="UTF-8"?>
<record
    xmlns:xsi="http://www.w3.org/2001/XMLSchema-instance"
    xsi:schemaLocation="http://www.loc.gov/MARC21/slim http://www.loc.gov/standards/marcxml/schema/MARC21slim.xsd"
    xmlns="http://www.loc.gov/MARC21/slim">

  <leader>00917nam a22001697a 4500</leader>
  <controlfield tag="008">120330t        xxu||||| |||| 00| 0 eng d</controlfield>
  <datafield tag="020" ind1=" " ind2=" ">
    <subfield code="a">0071402306</subfield>
  </datafield>
  <datafield tag="050" ind1=" " ind2=" ">
    <subfield code="a">HD4928.S74 W35</subfield>
  </datafield>
  <datafield tag="100" ind1=" " ind2=" ">
    <subfield code="a">Walker, Beth V.</subfield>
  </datafield>
  <datafield tag="245" ind1=" " ind2=" ">
    <subfield code="a">An employee's guide to stock options /</subfield>
    <subfield code="c">Beth V. Walker.</subfield>
  </datafield>
  <datafield tag="260" ind1=" " ind2=" ">
    <subfield code="a">New York:</subfield>
    <subfield code="b">McGraw Hill,</subfield>
    <subfield code="c">c2003.</subfield>
  </datafield>
  <datafield tag="300" ind1=" " ind2=" ">
    <subfield code="a">ix, 250 p. :</subfield>
    <subfield code="b">ill. ;</subfield>
    <subfield code="c">22cm.</subfield>
  </datafield>
  <datafield tag="500" ind1=" " ind2=" ">
    <subfield code="a">Includes index.</subfield>
  </datafield>
  <datafield tag="505" ind1=" " ind2=" ">
    <subfield code="a">Contents: A Stock option is just like sex -- A Look in the mirror -- Types of employee stock options -- What are your options really worth? -- Uncle Sam...your wealthiest relative -- The Nine most common mistakes to avoid with stock options -- Graduating from an employee to an owner -- Optioneering -- Recruiting your team of advisers -- The Optionaire next door -- Your options with your options -- Appendixes -- A Glossary of equity compensation terms.</subfield>
  </datafield>
  <datafield tag="650" ind1=" " ind2=" ">
    <subfield code="b">Stock options</subfield>
  </datafield>
  <datafield tag="942" ind1=" " ind2=" ">
    <subfield code="2">lcc</subfield>
    <subfield code="c">BK</subfield>
  </datafield>
  <datafield tag="999" ind1=" " ind2=" ">
    <subfield code="c">697</subfield>
    <subfield code="d">8197</subfield>
  </datafield>
  <datafield tag="952" ind1=" " ind2=" ">
    <subfield code="0">0</subfield>
    <subfield code="1">0</subfield>
    <subfield code="2">lcc</subfield>
    <subfield code="4">0</subfield>
    <subfield code="7">0</subfield>
    <subfield code="a">WIUC-1</subfield>
    <subfield code="b">WIUC-1</subfield>
    <subfield code="c">GEN</subfield>
    <subfield code="d">2012-03-30</subfield>
    <subfield code="l">0</subfield>
    <subfield code="o">HD4928.S74 W35</subfield>
    <subfield code="p">1720/12</subfield>
    <subfield code="r">2012-03-30 00:00:00</subfield>
    <subfield code="t">1</subfield>
    <subfield code="w">2012-03-30</subfield>
    <subfield code="y">BK</subfield>
  </datafield>
  <datafield tag="952" ind1=" " ind2=" ">
    <subfield code="0">0</subfield>
    <subfield code="1">0</subfield>
    <subfield code="2">lcc</subfield>
    <subfield code="4">0</subfield>
    <subfield code="7">0</subfield>
    <subfield code="a">WIUC-1</subfield>
    <subfield code="b">WIUC-1</subfield>
    <subfield code="c">GEN</subfield>
    <subfield code="d">2012-03-30</subfield>
    <subfield code="l">0</subfield>
    <subfield code="o">HD4928.S74 W351</subfield>
    <subfield code="p">1721/12</subfield>
    <subfield code="r">2012-03-30 00:00:00</subfield>
    <subfield code="t">2</subfield>
    <subfield code="w">2012-03-30</subfield>
    <subfield code="y">BK</subfield>
  </datafield>
  <datafield tag="952" ind1=" " ind2=" ">
    <subfield code="0">0</subfield>
    <subfield code="1">0</subfield>
    <subfield code="2">lcc</subfield>
    <subfield code="4">0</subfield>
    <subfield code="7">0</subfield>
    <subfield code="a">WIUC-1</subfield>
    <subfield code="b">WIUC-1</subfield>
    <subfield code="c">GEN</subfield>
    <subfield code="d">2012-03-30</subfield>
    <subfield code="l">0</subfield>
    <subfield code="o">HD4928.S74 W352</subfield>
    <subfield code="p">1722/12</subfield>
    <subfield code="r">2012-03-30 00:00:00</subfield>
    <subfield code="t">3</subfield>
    <subfield code="w">2012-03-30</subfield>
    <subfield code="y">BK</subfield>
  </datafield>
  <datafield tag="952" ind1=" " ind2=" ">
    <subfield code="0">0</subfield>
    <subfield code="1">0</subfield>
    <subfield code="2">lcc</subfield>
    <subfield code="4">0</subfield>
    <subfield code="7">0</subfield>
    <subfield code="a">WIUC-1</subfield>
    <subfield code="b">WIUC-1</subfield>
    <subfield code="c">GEN</subfield>
    <subfield code="d">2012-03-30</subfield>
    <subfield code="l">0</subfield>
    <subfield code="o">HD4928.S74 W353</subfield>
    <subfield code="p">1723/12</subfield>
    <subfield code="r">2012-03-30 00:00:00</subfield>
    <subfield code="t">4</subfield>
    <subfield code="w">2012-03-30</subfield>
    <subfield code="y">BK</subfield>
  </datafield>
  <datafield tag="952" ind1=" " ind2=" ">
    <subfield code="0">0</subfield>
    <subfield code="1">0</subfield>
    <subfield code="2">lcc</subfield>
    <subfield code="4">0</subfield>
    <subfield code="7">0</subfield>
    <subfield code="a">WIUC-1</subfield>
    <subfield code="b">WIUC-1</subfield>
    <subfield code="c">GEN</subfield>
    <subfield code="d">2012-03-30</subfield>
    <subfield code="l">0</subfield>
    <subfield code="o">HD4928.S74 W354</subfield>
    <subfield code="p">1724/12</subfield>
    <subfield code="r">2012-03-30 00:00:00</subfield>
    <subfield code="t">5</subfield>
    <subfield code="w">2012-03-30</subfield>
    <subfield code="y">BK</subfield>
  </datafield>
  <datafield tag="952" ind1=" " ind2=" ">
    <subfield code="0">0</subfield>
    <subfield code="1">0</subfield>
    <subfield code="2">lcc</subfield>
    <subfield code="4">0</subfield>
    <subfield code="7">0</subfield>
    <subfield code="a">WIUC-1</subfield>
    <subfield code="b">WIUC-1</subfield>
    <subfield code="c">GEN</subfield>
    <subfield code="d">2012-03-30</subfield>
    <subfield code="l">0</subfield>
    <subfield code="o">HD4928.S74 W355</subfield>
    <subfield code="p">1725/12</subfield>
    <subfield code="r">2012-03-30 00:00:00</subfield>
    <subfield code="t">6</subfield>
    <subfield code="w">2012-03-30</subfield>
    <subfield code="y">BK</subfield>
  </datafield>
  <datafield tag="952" ind1=" " ind2=" ">
    <subfield code="0">0</subfield>
    <subfield code="1">0</subfield>
    <subfield code="2">lcc</subfield>
    <subfield code="4">0</subfield>
    <subfield code="7">0</subfield>
    <subfield code="a">WIUC-1</subfield>
    <subfield code="b">WIUC-1</subfield>
    <subfield code="c">GEN</subfield>
    <subfield code="d">2012-03-30</subfield>
    <subfield code="l">0</subfield>
    <subfield code="o">HD4928.S74 W356</subfield>
    <subfield code="p">1726/12</subfield>
    <subfield code="r">2012-03-30 00:00:00</subfield>
    <subfield code="t">7</subfield>
    <subfield code="w">2012-03-30</subfield>
    <subfield code="y">BK</subfield>
  </datafield>
  <datafield tag="952" ind1=" " ind2=" ">
    <subfield code="0">0</subfield>
    <subfield code="1">0</subfield>
    <subfield code="2">lcc</subfield>
    <subfield code="4">0</subfield>
    <subfield code="7">0</subfield>
    <subfield code="a">WIUC-1</subfield>
    <subfield code="b">WIUC-1</subfield>
    <subfield code="c">GEN</subfield>
    <subfield code="d">2012-03-30</subfield>
    <subfield code="l">0</subfield>
    <subfield code="o">HD4928.S74 W357</subfield>
    <subfield code="p">1727/12</subfield>
    <subfield code="r">2012-03-30 00:00:00</subfield>
    <subfield code="t">8</subfield>
    <subfield code="w">2012-03-30</subfield>
    <subfield code="y">BK</subfield>
  </datafield>
  <datafield tag="952" ind1=" " ind2=" ">
    <subfield code="0">0</subfield>
    <subfield code="1">0</subfield>
    <subfield code="2">lcc</subfield>
    <subfield code="4">0</subfield>
    <subfield code="7">0</subfield>
    <subfield code="a">WIUC-1</subfield>
    <subfield code="b">WIUC-1</subfield>
    <subfield code="c">GEN</subfield>
    <subfield code="d">2012-03-30</subfield>
    <subfield code="l">0</subfield>
    <subfield code="o">HD4928.S74 W358</subfield>
    <subfield code="p">1728/12</subfield>
    <subfield code="r">2012-03-30 00:00:00</subfield>
    <subfield code="t">9</subfield>
    <subfield code="w">2012-03-30</subfield>
    <subfield code="y">BK</subfield>
  </datafield>
  <datafield tag="952" ind1=" " ind2=" ">
    <subfield code="0">0</subfield>
    <subfield code="1">0</subfield>
    <subfield code="2">lcc</subfield>
    <subfield code="4">0</subfield>
    <subfield code="7">0</subfield>
    <subfield code="a">WIUC-1</subfield>
    <subfield code="b">WIUC-1</subfield>
    <subfield code="c">GEN</subfield>
    <subfield code="d">2012-03-30</subfield>
    <subfield code="l">0</subfield>
    <subfield code="o">HD4928.S74 W359</subfield>
    <subfield code="p">1729/12</subfield>
    <subfield code="r">2012-03-30 00:00:00</subfield>
    <subfield code="t">10</subfield>
    <subfield code="w">2012-03-30</subfield>
    <subfield code="y">BK</subfield>
  </datafield>
</record>
